Guess the 1960s song lyrics #64 - Statistics

General Stats
  • This quiz has been taken 12 times
  • The average score is 151 of 212
Answer Stats
Answer % Correct
I
100%
a
91%
and
91%
go
91%
In
91%
love
91%
of
91%
one
91%
that
91%
the
91%
to
91%
When
91%
you
91%
your
91%
You're
91%
you're
91%
be
82%
hear
82%
I'm
82%
my
82%
time
82%
All
73%
Every
73%
knew
73%
me
73%
see
73%
Then
73%
are
64%
Baby
64%
baby
64%
can't
64%
Can't
64%
heartbeat
64%
ma
64%
mine
64%
Cause
55%
feel
55%
get
55%
gonna
55%
put
55%
that's
55%
up
55%
walkin
55%
way
55%
asked
45%
down
45%
feeling
45%
friends
45%
out
45%
poundin
45%
arms
36%
around
36%
going
36%
lookin
36%
Now's
36%
or
36%
pounding
36%
closer
27%
cryin
27%
far
27%
meet
27%
move
27%
preacher
27%
we'd
27%
bells
18%
car
18%
chime
18%
found
18%
glad
18%
highway
18%
mighty
18%
Wedding
18%
you're
18%
ooo-wee
9%
No matching quizzes found
Score Distribution
Percent of People with Each Score
Percentile by Number Answered
Your Score History
You have not taken this quiz